[Event "6th Heraklion Fischer 2019"]
[Site "Heraklion"]
[Date "2019.05.02"]
[Round "4.3"]
[White "Rozentalis, Eduardas"]
[Black "Mitsis, Georgios"]
[Result "1-0"]
[WhiteElo "2568"]
[BlackElo "2362"]
[Annotator "TA"]
[PlyCount "119"]
[EventDate "2019.04.29"]
[EventType "tourn"]
[EventCountry "GRE"]
[SourceTitle "playchess.com"]
[Source "ChessBase"]
[SourceQuality "1"]

{[%evp 15,119,4,9,1,57,54,57,44,39,31,11,26,32,34,35,31,27,38,31,31,37,46,46,36,26,27,47,27,27,23,33,18,27,0,0,0,0,0,0,0,0,0,4,0,0,0,0,0,0,0,0,0,19,-26,0,0,39,5,48,-60,0,-8,37,13,26,17,58,0,117,118,113,124,110,131,118,93,111,118,106,100,162,158,155,138,185,185,178,179,221,221,221,221,221,221,315,221,221,221,551,551,512,470,1408,1123,29976,29975]} 1. e4 e5 2. Nf3 Nc6 3. Nc3 Nf6 4. Bb5 Bb4 5. O-O O-O 6. d3 Bxc3 7. bxc3 d6 8. Re1 Ne7 9. d4 {C49: Four Knights: 4 Bb5 Bb4} d5 $146 ({Black should play} 9... a6 $11 10. Ba4 b5) ({Predecessor:} 9... Ng6 10. a4 a6 11. Bd3 c5 12. a5 Qc7 13. h3 Re8 14. Bg5 Nd7 15. Be3 Ndf8 16. Nd2 Ne6 17. dxe5 dxe5 {1-0 (28) Saric,I (2669)-Mitkov,M (2333) Katowice 2017}) 10. exd5 e4 11. Ne5 $1 {White is slightly better.} Nfxd5 12. Bd2 f6 13. Ng4 $1 c6 14. Bf1 Bxg4 15. Qxg4 f5 16. Qh3 Ng6 17. c4 Ndf4 18. Qe3 Ne6 19. c3 h6 20. f3 Ng5 $1 21. fxe4 Nxe4 22. Bd3 Re8 23. Bxe4 Rxe4 24. Qf2 Qd7 25. Rxe4 fxe4 26. Re1 Re8 27. Be3 Ne7 28. Bf4 Ng6 29. Bc1 Qe6 30. Qe2 Nh4 31. Qh5 Ng6 32. d5 cxd5 33. cxd5 Qd6 34. c4 b5 35. cxb5 Kh7 (35... Re5 $5 {[%cal Re5h5]} 36. Qd1 Rxd5 $11) 36. a4 Re5 37. Qg4 (37. Qe2 $14) 37... Qxd5 (37... Qb4 $1 $15 38. Qe2 Rxd5) 38. Be3 $132 {[%mdl 2048] White puts up resistance} Re7 39. Qd1 Qa2 40. Qa1 Qc2 41. a5 (41. Qd4 $1 $14) 41... Nh4 (41... Re5 $11 {remains equal.} 42. Qb1 Qc4) 42. Bf2 $16 {Strongly threatening Rc1.} Nf5 {Threatening ...e3.} 43. Qb1 Qxb1 44. Rxb1 {[%mdl 4096] Endgame Threatens to win with Bxa7! KRB-KRN} e3 {[#]} 45. Be1 $1 Rf7 46. b6 axb6 47. axb6 Nd6 (47... Nd4 $16 {is a better defense.} 48. h4 Rb7) 48. Bg3 $18 Nb7 49. Re1 Rf6 50. Bc7 ({And not} 50. Rxe3 Rxb6 51. Kf2 Nd6 $11) 50... Re6 51. Kf1 Rf6+ 52. Ke2 Rf2+ 53. Kxe3 Rxg2 54. Ra1 Nc5 (54... Rb2 $142 55. Ra7 Nc5) 55. Be5 Rg5 56. Bd4 {[#] Hoping for Bxc5.} Nb7 $2 (56... Nd7 {is a better chance.} 57. Ra7 Nxb6 58. Bxb6 Rg4) 57. Ra7 Nd6 58. Kd3 h5 (58... Nb5 $142 59. b7 Nxd4) 59. Rd7 Rg6 60. Bc5 {Accuracy: White = 70%, Black = 44%.} 1-0

[Event "6th Heraklion Fischer 2019"]
[Site "Heraklion"]
[Date "2019.05.02"]
[Round "4.4"]
[White "Tate, Alan"]
[Black "Moksh Amit Doshi"]
[Result "1-0"]
[WhiteElo "2308"]
[BlackElo "2256"]
[Annotator "NA"]
[PlyCount "73"]
[EventDate "2019.04.29"]
[EventType "tourn"]
[EventCountry "GRE"]
[SourceTitle "playchess.com"]
[Source "ChessBase"]
[SourceQuality "1"]
[TimeControl "40/5400+30:1800+30"]

1. Nf3 {[%emt 0:00:00]} d5 {[%emt 0:00:00]} 2. c4 {[%emt 0:01:18]} d4 {[%emt 0:00:19]} 3. e3 {[%emt 0:01:01]} Nc6 {[%emt 0:00:11]} 4. exd4 {[%emt 0:00:31]} Nxd4 {[%emt 0:00:13]} 5. Nxd4 {[%emt 0:00:18]} Qxd4 {[%emt 0:00:08]} 6. Nc3 {[%emt 0:01:36]} c6 {[%emt 0:00:41]} 7. d3 {[%emt 0:01:50]} Nh6 {[%emt 0:00:22]} 8. Be2 {[%emt 0:30:58]} Nf5 {[%emt 0:02:32]} 9. g4 {[%emt 0:13:00]} Nh4 {[%emt 0:03:08]} 10. Rg1 {[%emt 0:01:45]} e5 {[%emt 0:07:16]} 11. Be3 {[%emt 0:00:24]} Qd8 {[%emt 0:00:51]} 12. Qb3 {[%emt 0:14:55]} Be7 {[%emt 0:03:38]} 13. O-O-O {[%emt 0:01:50]} O-O {[%emt 0:01:38]} 14. Ne4 {[%emt 0:02:07]} Qc7 {[%emt 0:04:45]} 15. Kb1 {[%emt 0:00:24]} c5 {[%emt 0:03:50]} 16. Rdf1 {[%emt 0:05:20]} f5 {[%emt 0:04:32]} 17. gxf5 {[%emt 0:01:55]} Nxf5 {[%emt 0:01:48]} 18. Nc3 {[%emt 0:04:09]} Nd4 {[%emt 0:06:00]} 19. Nd5 {[%emt 0:00:36]} Qd6 {[%emt 0:02:16]} 20. Bxd4 {[%emt 0:02:02]} exd4 {[%emt 0:00:17]} 21. Bg4 {[%emt 0:05:56]} b6 {[%emt 0:00:24]} 22. Bxc8 {[%emt 0:00:35]} Raxc8 {[%emt 0:00:08]} 23. Qd1 {[%emt 0:00:45]} Bh4 {[%emt 0:03:10]} 24. Qg4 {[%emt 0:03:28]} Qh6 {[%emt 0:00:08]} 25. f4 {[%emt 0:01:21]} Rc6 {[%emt 0:03:07]} 26. f5 {[%emt 0:01:06]} Bf6 {[%emt 0:04:01]} 27. Rf3 {[%emt 0:00:18]} Rf7 {[%emt 0:01:58]} 28. Qg2 {[%emt 0:03:31]} Be5 {[%emt 0:01:50]} 29. Rh3 {[%emt 0:00:36]} Qd6 {[%emt 0:00:08]} 30. Qe4 {[%emt 0:00:24]} Bf6 {[%emt 0:01:38]} 31. Rhg3 {[%emt 0:00:39]} Rc8 {[%emt 0:01:30]} 32. Qe6 {[%emt 0:00:16]} Qxe6 {[%emt 0:01:53]} 33. fxe6 {[%emt 0:00:02]} Rff8 {[%emt 0:00:08]} 34. e7 {[%emt 0:01:02]} Rf7 {[%emt 0:00:05]} 35. Nxf6+ {[%emt 0:00:10]} Rxf6 {[%emt 0:00:05]} 36. Rxg7+ {[%emt 0:00:05]} Kh8 {[%emt 0:00:04]} 37. Rg8+ {[%emt 0:00:21]} 1-0

[Event "6th Heraklion Fischer 2019"]
[Site "Heraklion"]
[Date "2019.05.02"]
[Round "4.5"]
[White "Oglaza, Oskar"]
[Black "Krishnater Kushager"]
[Result "1/2-1/2"]
[WhiteElo "2338"]
[BlackElo "2329"]
[Annotator "NA"]
[PlyCount "30"]
[EventDate "2019.04.29"]
[EventType "tourn"]
[EventCountry "GRE"]
[SourceTitle "playchess.com"]
[Source "ChessBase"]
[SourceQuality "1"]
[TimeControl "40/5400+30:1800+30"]

1. e4 {[%emt 0:00:00]} e5 {[%emt 0:00:00]} 2. Nf3 {[%emt 0:00:00]} Nc6 {[%emt 0:00:00]} 3. d4 {[%emt 0:00:00]} exd4 {[%emt 0:00:00]} 4. Nxd4 {[%emt 0:00:00]} Qf6 {[%emt 0:00:00]} 5. Nb5 {[%emt 0:00:02]} Bc5 {[%emt 0:00:03]} 6. Qe2 {[%emt 0:00:07]} Bb6 {[%emt 0:00:17]} 7. N1c3 {[%emt 0:24:45]} Nge7 {[%emt 0:00:13]} 8. Be3 {[%emt 0:04:46]} Ba5 {[%emt 0:00:12]} 9. O-O-O {[%emt 0:01:18]} a6 {[%emt 0:00:57]} 10. Nd5 {[%emt 0:02:45]} Nxd5 {[%emt 0:00:05]} 11. exd5 {[%emt 0:00:06]} axb5 {[%emt 0:00:06]} 12. Bg5+ {[%emt 0:12:37]} Qe5 {[%emt 0:00:40]} 13. dxc6 {[%emt 0:00:06]} Qxe2 {[%emt 0:00:12]} 14. cxd7+ {[%emt 0:00:09]} Bxd7 {[%emt 0:00:05]} 15. Bxe2 {[%emt 0:00:05]} c6 {[%emt 0:00:11]} 1/2-1/2

[Event "6th Heraklion Fischer 2019"]
[Site "Heraklion"]
[Date "2019.05.03"]
[Round "5.1"]
[White "Krishnater Kushager"]
[Black "Georgiev, Kiril"]
[Result "0-1"]
[WhiteElo "2329"]
[BlackElo "2588"]
[Annotator "TA"]
[PlyCount "50"]
[EventDate "2019.04.29"]
[EventType "tourn"]
[EventCountry "GRE"]
[SourceTitle "playchess.com"]
[Source "ChessBase"]
[SourceQuality "1"]

{[%evp 15,66,28,30,0,0,-4,-6,-6,0,0,0,0,0,0,0,0,0,0,0,0,0,0,31,-2,0,-41,-30,-45,-36,-35,-46,-386,-383,-479,-473,-431,-131,-91,-116,-114,-127,-115,-99,-108,-105,-112,-109,-102,-105,-309,-299,-290,-280]} 1. e4 c5 2. Nf3 Nc6 3. d4 cxd4 4. Nxd4 Qb6 5. Nb3 Nf6 6. Nc3 e6 7. Qe2 Bb4 8. Bd2 O-O 9. O-O-O {B33: Sicilian: Pelikan and Sveshnikov Variations} (9. a3 $5 {[%cal Ra3b4]} Bxc3 10. Bxc3 $11) 9... d5 10. e5 Bxc3 11. Bxc3 {The position is equal.} Ne4 12. Bd4 Nxd4 13. Nxd4 Bd7 14. f3 $146 ({Predecessor:} 14. Qe3 Rac8 15. Bd3 Nc5 16. Rhe1 Nxd3+ 17. Rxd3 {½-½ (30) Hagen,A (2346)-Milov,V (2648) Odense 2011}) 14... Nc5 15. Qe3 Rfc8 16. Kb1 Na4 {[%csl Ga4][%cal Rb6b2]} 17. Qb3 Qc7 18. f4 {[#]} b5 $1 {[%mdl 512]} 19. Ka1 {[#]} ({Reject} 19. Bxb5 Bxb5 20. Nxb5 Qa5 $17) ({Wrong is} 19. Nxb5 $2 Qa5 $19) (19. Nxb5 Qa5) 19... b4 $1 {[%mdl 512]} 20. Qe3 (20. Qxb4 Rab8) 20... Nc5 21. g4 a5 22. Bd3 a4 23. f5 $2 {[%mdl 8192]} ({White should play} 23. Kb1 $15) 23... a3 $19 24. f6 {White threatens Qg5! and mate.} axb2+ 25. Kxb2 Qa5 {Played: Ra8xa2} 0-1

[Event "6th Heraklion Fischer 2019"]
[Site "Heraklion"]
[Date "2019.05.03"]
[Round "5.2"]
[White "Moksh Amit Doshi"]
[Black "Oglaza, Oskar"]
[Result "1-0"]
[WhiteElo "2256"]
[BlackElo "2338"]
[Annotator "NA"]
[PlyCount "119"]
[EventDate "2019.04.29"]
[EventType "tourn"]
[EventCountry "GRE"]
[SourceTitle "playchess.com"]
[Source "ChessBase"]
[SourceQuality "1"]
[TimeControl "40/5400+30:1800+30"]

1. d4 {[%emt 0:00:00]} Nf6 {[%emt 0:00:00]} 2. c4 {[%emt 0:00:00]} g6 {[%emt 0:00:00]} 3. g3 {[%emt 0:00:00]} d5 {[%emt 0:00:00]} 4. cxd5 {[%emt 0:00:07]} Nxd5 {[%emt 0:00:00]} 5. Bg2 {[%emt 0:00:09]} Nb6 {[%emt 0:01:01]} 6. Nc3 {[%emt 0:00:07]} Bg7 {[%emt 0:00:09]} 7. Nf3 {[%emt 0:00:06]} Nc6 {[%emt 0:00:41]} 8. e3 {[%emt 0:00:06]} O-O {[%emt 0:00:12]} 9. O-O {[%emt 0:00:07]} Re8 {[%emt 0:00:08]} 10. h3 {[%emt 0:00:16]} e5 {[%emt 0:07:55]} 11. d5 {[%emt 0:00:12]} Nb4 {[%emt 0:00:14]} 12. e4 {[%emt 0:00:24]} c6 {[%emt 0:04:39]} 13. Qb3 {[%emt 0:08:06]} Na6 {[%emt 0:03:10]} 14. Be3 {[%emt 0:00:46]} cxd5 {[%emt 0:27:52]} 15. exd5 {[%emt 0:03:05]} Bd7 {[%emt 0:03:21]} 16. Ng5 {[%emt 0:06:55]} Rf8 {[%emt 0:07:21]} 17. Ne6 {[%emt 0:04:38]} fxe6 {[%emt 0:17:37]} 18. dxe6 {[%emt 0:00:11]} Bxe6 {[%emt 0:00:37]} 19. Qxe6+ {[%emt 0:00:12]} Kh8 {[%emt 0:00:04]} 20. Bxb7 {[%emt 0:07:32]} Nc7 {[%emt 0:00:05]} 21. Qc6 {[%emt 0:01:51]} Rb8 {[%emt 0:01:49]} 22. Bxb6 {[%emt 0:05:41]} axb6 {[%emt 0:00:21]} 23. Rad1 {[%emt 0:07:17]} Qe8 {[%emt 0:00:45]} 24. Qxc7 {[%emt 0:02:13]} Rf7 {[%emt 0:01:16]} 25. Qc6 {[%emt 0:01:59]} Rfxb7 {[%emt 0:00:07]} 26. Qxe8+ {[%emt 0:00:06]} Rxe8 {[%emt 0:00:04]} 27. Ne4 {[%emt 0:00:07]} Ra8 {[%emt 0:00:16]} 28. Rd5 {[%emt 0:04:07]} Bf8 {[%emt 0:00:59]} 29. a3 {[%emt 0:01:58]} b5 {[%emt 0:01:26]} 30. Rfd1 {[%emt 0:01:56]} b4 {[%emt 0:02:23]} 31. a4 {[%emt 0:01:57]} b3 {[%emt 0:00:41]} 32. Rb5 {[%emt 0:02:27]} Rc7 {[%emt 0:05:27]} 33. Nc3 {[%emt 0:00:43]} Bc5 {[%emt 0:01:07]} 34. Rxb3 {[%emt 0:00:08]} Rf8 {[%emt 0:00:44]} 35. Rd2 {[%emt 0:01:16]} Ra7 {[%emt 0:01:46]} 36. Ne4 {[%emt 0:02:23]} Bd4 {[%emt 0:00:04]} 37. Rb4 {[%emt 0:00:23]} Rfa8 {[%emt 0:01:51]} 38. b3 {[%emt 0:00:08]} Rc7 {[%emt 0:00:15]} 39. Kg2 {[%emt 0:00:25]} h6 {[%emt 0:03:34]} 40. h4 {[%emt 0:00:00]} Kg7 {[%emt 0:00:00]} 41. Rb5 {[%emt 0:01:07]} Kf8 {[%emt 0:04:27]} 42. Nd6 {[%emt 0:01:01]} Rc1 {[%emt 0:00:57]} 43. Nc4 {[%emt 0:00:26]} Re1 {[%emt 0:00:04]} 44. Rb7 {[%emt 0:02:17]} g5 {[%emt 0:00:27]} 45. hxg5 {[%emt 0:01:05]} hxg5 {[%emt 0:00:04]} 46. Nd6 {[%emt 0:00:43]} g4 {[%emt 0:00:48]} 47. Rc2 {[%emt 0:00:21]} e4 {[%emt 0:01:01]} 48. Rcc7 {[%emt 0:00:44]} e3 {[%emt 0:00:08]} 49. Rf7+ {[%emt 0:00:05]} Kg8 {[%emt 0:00:04]} 50. Nf5 {[%emt 0:00:11]} Ra6 {[%emt 0:01:45]} 51. Rfd7 {[%emt 0:00:39]} Ra8 {[%emt 0:00:11]} 52. Nh6+ {[%emt 0:01:48]} Kf8 {[%emt 0:00:06]} 53. Rxd4 {[%emt 0:00:09]} e2 {[%emt 0:00:14]} 54. Re4 {[%emt 0:00:11]} Ra7 {[%emt 0:00:21]} 55. Rb8+ {[%emt 0:01:02]} Kg7 {[%emt 0:00:06]} 56. Nxg4 {[%emt 0:00:16]} Rd7 {[%emt 0:00:52]} 57. Rbe8 {[%emt 0:00:18]} Rd2 {[%emt 0:00:21]} 58. Nh2 {[%emt 0:00:57]} Rdd1 {[%emt 0:01:04]} 59. Nf3 {[%emt 0:00:29]} Rh1 {[%emt 0:00:13]} 60. Rxe2 {[%emt 0:00:08]} 1-0

[Event "6th Heraklion Fischer 2019"]
[Site "Heraklion"]
[Date "2019.05.03"]
[Round "5.3"]
[White "Mitsis, Georgios"]
[Black "Tate, Alan"]
[Result "1-0"]
[WhiteElo "2362"]
[BlackElo "2308"]
[Annotator "NA"]
[PlyCount "75"]
[EventDate "2019.04.29"]
[EventType "tourn"]
[EventCountry "GRE"]
[SourceTitle "playchess.com"]
[Source "ChessBase"]
[SourceQuality "1"]
[TimeControl "40/5400+30:1800+30"]

1. d4 {[%emt 0:00:00]} d5 {[%emt 0:00:03]} 2. Nf3 {[%emt 0:00:00]} Nf6 {[%emt 0:00:14]} 3. c4 {[%emt 0:00:00]} c6 {[%emt 0:01:10]} 4. e3 {[%emt 0:00:08]} Bg4 {[%emt 0:00:55]} 5. Qb3 {[%emt 0:00:26]} Qb6 {[%emt 0:00:26]} 6. Nc3 {[%emt 0:00:46]} e6 {[%emt 0:00:39]} 7. Nh4 {[%emt 0:01:26]} Bh5 {[%emt 0:00:53]} 8. h3 {[%emt 0:00:22]} Nbd7 {[%emt 0:01:03]} 9. g4 {[%emt 0:01:58]} Bg6 {[%emt 0:00:03]} 10. Nxg6 {[%emt 0:00:27]} hxg6 {[%emt 0:00:03]} 11. g5 {[%emt 0:07:15]} Ng8 {[%emt 0:04:31]} 12. Qc2 {[%emt 0:17:31]} Ne7 {[%emt 0:02:43]} 13. Bd2 {[%emt 0:25:38]} Nf5 {[%emt 0:06:06]} 14. cxd5 {[%emt 0:00:36]} exd5 {[%emt 0:03:42]} 15. O-O-O {[%emt 0:00:37]} Be7 {[%emt 0:10:08]} 16. Rg1 {[%emt 0:01:54]} Nf8 {[%emt 0:08:20]} 17. Bd3 {[%emt 0:03:03]} Nd6 {[%emt 0:18:33]} 18. Rg3 {[%emt 0:01:03]} Ne6 {[%emt 0:01:53]} 19. f4 {[%emt 0:00:14]} Qc7 {[%emt 0:02:06]} 20. Rf3 {[%emt 0:04:36]} O-O-O {[%emt 0:08:09]} 21. Be1 {[%emt 0:00:17]} Kb8 {[%emt 0:01:59]} 22. h4 {[%emt 0:00:20]} Qd7 {[%emt 0:06:38]} 23. Bg3 {[%emt 0:03:04]} Nc7 {[%emt 0:00:02]} 24. f5 {[%emt 0:07:47]} gxf5 {[%emt 0:03:15]} 25. Rxf5 {[%emt 0:02:32]} Nxf5 {[%emt 0:04:25]} 26. Bxf5 {[%emt 0:00:07]} Qe8 {[%emt 0:00:03]} 27. Qh2 {[%emt 0:01:27]} Rd7 {[%emt 0:01:36]} 28. Kb1 {[%emt 0:02:46]} Bd8 {[%emt 0:04:27]} 29. e4 {[%emt 0:01:39]} dxe4 {[%emt 0:03:22]} 30. d5 {[%emt 0:07:12]} e3 {[%emt 0:00:34]} 31. Bxd7 {[%emt 0:00:33]} Qxd7 {[%emt 0:00:02]} 32. dxc6 {[%emt 0:00:13]} Qxc6 {[%emt 0:01:12]} 33. Nd5 {[%emt 0:00:16]} Re8 {[%emt 0:03:11]} 34. Nxe3 {[%emt 0:00:27]} Ka8 {[%emt 0:03:08]} 35. Qc2 {[%emt 0:04:01]} Qxc2+ {[%emt 0:00:44]} 36. Kxc2 {[%emt 0:00:13]} Ne6 {[%emt 0:00:29]} 37. Nc4 {[%emt 0:02:02]} Be7 {[%emt 0:01:10]} 38. Rd7 {[%emt 0:00:55]} 1-0

[Event "6th Heraklion Fischer 2019"]
[Site "Heraklion"]
[Date "2019.05.03"]
[Round "5.5"]
[White "Gungl, Theo"]
[Black "Leenhouts, Koen"]
[Result "0-1"]
[WhiteElo "2329"]
[BlackElo "2446"]
[Annotator "TA"]
[PlyCount "70"]
[EventDate "2019.04.29"]
[EventType "tourn"]
[EventCountry "GRE"]
[SourceTitle "playchess.com"]
[Source "ChessBase"]
[SourceQuality "1"]

{[%evp 19,186,30,28,24,47,29,29,27,34,23,24,25,30,31,27,23,43,47,51,48,69,15,45,27,26,25,25,29,22,23,28,19,17,16,18,0,11,0,4,0,0,0,2,0,4,0,0,-4,0,0,0,-12,0,-4,0,-99,-89,-82,-82,-87,0,0,0,-67,0,0,0,0,0,0,0,0,0,0,0,0,0,-35,0,0,0,0,0,-5,0,0,0,-23,0,0,0,0,0,0,0,0,0,-59,0,0,0,0,0,0,0,0,0,0,0,0,0,0,0,-130,-47,-47,-47,-105,-99,-97,-97,-105,-101,-99,-91,-91,-91,-91,-91,-91,-91,-91,-91,-191,-205,-213,-213,-335,-308,-462,-450,-523,-272,-281,0,0,0,-252,0,-488,-402,-441,-911,-29944,-12054,-29968,-29969,-29957,-29953,-29974,-29974,-29977,-29978,-29987,-29988,-29996,-29997,-29997,-179]} 1. e4 c5 2. Nf3 e6 3. d4 cxd4 4. Nxd4 a6 5. Bd3 Nf6 6. O-O Qc7 7. Qe2 d6 8. c4 g6 9. Nc3 Bg7 10. Nf3 O-O 11. Bf4 {B42: Sicilian: Kan Variation: 5 Bd3} (11. h3 Nc6 12. Be3 Nd7 13. Rac1 Nde5 14. Rfd1 Nxf3+ 15. Qxf3 Ne5 16. Qe2 b6 17. b3 Bb7 18. Bb1 Rfd8 {0-1 (61) Volokitin,A (2624)-Vallejo Pons,F (2711) Almaty 2016}) 11... Nfd7 12. Rac1 Ne5 13. Nxe5 {White has an edge.} dxe5 14. Be3 Bd7 15. Rfd1 Nc6 16. Nd5 exd5 17. cxd5 {[#]} Qa5 $146 {aiming for ...Nd4.} ({Predecessor:} 17... b5 18. Rc3 Qb7 19. dxc6 Bxc6 20. Qc2 Rfc8 21. Rc1 {½-½ (21) Van der Wiel,J (2525)-Chuchelov,V (2540) Germany 1998}) 18. dxc6 Bxc6 19. Bc4 Rad8 20. f3 (20. b4 $14 Rxd1+ 21. Qxd1) 20... Rfe8 21. Bb3 Rxd1+ 22. Rxd1 Rd8 23. Rxd8+ Qxd8 24. Qc4 Qd7 25. Qc5 h5 26. Kf2 Qd8 27. g3 (27. Qc3 {keeps more tension.} Bf6 28. h3 Qd6 29. Kg1 Bh4 30. Kh2) 27... Qd7 28. Qc4 Bf6 29. Kg1 Kg7 30. Kf2 Bd8 31. Kg1 Bf6 32. Kf2 g5 33. Kg1 Kg6 34. Qe2 Bd8 35. Qd2 Qxd2 {Played: Bd8-b6} 0-1

[Event "6th Heraklion Fischer 2019"]
[Site "Heraklion"]
[Date "2019.05.04"]
[Round "6.1"]
[White "Georgiev, Kiril"]
[Black "Leenhouts, Koen"]
[Result "1/2-1/2"]
[WhiteElo "2588"]
[BlackElo "2446"]
[Annotator "ChessBase"]
[PlyCount "51"]
[EventDate "2019.04.29"]
[EventType "tourn"]
[EventCountry "GRE"]
[SourceTitle "playchess.com"]
[Source "ChessBase"]
[SourceQuality "1"]
[TimeControl "40/5400+30:1800+30"]

1. Nf3 {[%emt 0:00:00]} Nf6 {[%emt 0:00:22]} 2. d4 {[%emt 0:00:00]} g6 {[%emt 0:00:11]} 3. c4 {[%emt 0:02:13]} Bg7 {[%emt 0:00:08]} 4. Nc3 {[%emt 0:02:33]} d5 {[%emt 0:00:07]} 5. cxd5 {[%emt 0:00:16]} Nxd5 {[%emt 0:00:09]} 6. e4 {[%emt 0:00:46]} Nxc3 {[%emt 0:00:08]} 7. bxc3 {[%emt 0:00:05]} c5 {[%emt 0:00:46]} 8. Be3 {[%emt 0:00:08]} Qa5 {[%emt 0:01:16]} 9. Qd2 {[%emt 0:00:21]} O-O {[%emt 0:02:19]} 10. Rc1 {[%emt 0:00:36]} Rd8 {[%emt 0:08:13]} 11. d5 {[%emt 0:02:12]} e6 {[%emt 0:00:28]} 12. Bg5 {[%emt 0:02:02]} f6 {[%emt 0:00:05]} 13. Bf4 {[%emt 0:00:23]} Qa4 {[%emt 0:08:14]} 14. c4 {[%emt 0:03:04]} Nc6 {[%emt 0:01:13]} 15. Be2 {[%emt 0:07:25]} Nb4 {[%emt 0:01:13]} 16. O-O {[%emt 0:00:11]} Qxa2 {[%emt 0:03:42]} 17. Qe3 {[%emt 0:00:19]} e5 {[%emt 0:19:24]} 18. Bg3 {[%emt 0:04:43]} Qa5 {[%emt 0:03:10]} 19. Nd2 {[%emt 0:00:29]} Qc7 {[%emt 0:01:03]} 20. f4 {[%emt 0:10:47]} Bh6 {[%emt 0:03:53]} 21. Rf2 {[%emt 0:03:14]} a5 {[%emt 0:03:07]} 22. Rcf1 {[%emt 0:13:01]} a4 {[%emt 0:00:50]} 23. Qa3 {[%emt 0:05:27]} exf4 {[%emt 0:12:17]} 24. Bxf4 {[%emt 0:02:39]} Bxf4 {[%emt 0:00:06]} 25. Rxf4 {[%emt 0:00:08]} Qe5 {[%emt 0:02:20]} 26. Kh1 {[%emt 0:05:13]} 1/2-1/2

[Event "6th Heraklion Fischer 2019"]
[Site "Heraklion"]
[Date "2019.05.04"]
[Round "6.3"]
[White "Tate, Alan"]
[Black "Kapnisis, Spyridon"]
[Result "0-1"]
[WhiteElo "2308"]
[BlackElo "2459"]
[Annotator "RC"]
[PlyCount "84"]
[EventDate "2019.04.29"]
[EventType "tourn"]
[EventCountry "GRE"]
[SourceTitle "playchess.com"]
[Source "ChessBase"]
[SourceQuality "1"]
[TimeControl "40/5400+30:1800+30"]

1. e4 {[%emt 0:01:17]} c5 {[%emt 0:00:00]} 2. Nf3 {[%emt 0:00:07]} Nc6 {[%emt 0:00:05]} 3. d4 {[%emt 0:00:05]} cxd4 {[%emt 0:00:04]} 4. Nxd4 {[%emt 0:00:04]} Nf6 {[%emt 0:00:59]} 5. Nc3 {[%emt 0:00:36]} d6 {[%emt 0:00:05]} 6. Bg5 {[%emt 0:00:39]} e6 {[%emt 0:00:32]} 7. Qd2 {[%emt 0:00:45]} a6 {[%emt 0:00:16]} 8. O-O-O {[%emt 0:00:31]} Be7 {[%emt 0:00:13]} 9. f3 {[%emt 0:02:26]} O-O {[%emt 0:05:33]} 10. h4 {[%emt 0:00:55]} Qc7 {[%emt 0:17:20]} 11. g4 {[%emt 0:02:31]} Nxd4 {[%emt 0:04:06]} 12. Qxd4 {[%emt 0:00:06]} b5 {[%emt 0:00:07]} 13. Kb1 {[%emt 0:14:53]} Rb8 {[%emt 0:22:19]} 14. Qd2 {[%emt 0:31:28]} Rd8 {[%emt 0:21:50]} 15. h5 {[%emt 0:11:17]} b4 {[%emt 0:09:02]} 16. Ne2 {[%emt 0:00:34]} a5 {[%emt 0:03:58]} 17. Nd4 {[%emt 0:06:20]} a4 {[%emt 0:02:18]} 18. Bh4 {[%emt 0:09:25]} a3 {[%emt 0:04:37]} 19. b3 {[%emt 0:05:58]} e5 {[%emt 0:00:09]} 20. g5 {[%emt 0:07:08]} Nxh5 {[%emt 0:03:09]} 21. Nf5 {[%emt 0:00:48]} g6 {[%emt 0:01:20]} 22. Be1 {[%emt 0:01:08]} Be6 {[%emt 0:00:50]} 23. Bh3 {[%emt 0:01:57]} Nf4 {[%emt 0:01:37]} 24. Nh6+ {[%emt 0:00:29]} Kf8 {[%emt 0:00:32]} 25. Bxe6 {[%emt 0:00:15]} Nxe6 {[%emt 0:00:48]} 26. Nxf7 {[%emt 0:00:25]} Kxf7 {[%emt 0:00:12]} 27. Rxh7+ {[%emt 0:00:23]} Ke8 {[%emt 0:00:48]} 28. Qd5 {[%emt 0:00:47]} Nxg5 {[%emt 0:00:32]} 29. Rg7 {[%emt 0:00:40]} Rbc8 {[%emt 0:00:28]} 30. Rc1 {[%emt 0:00:30]} Qc5 {[%emt 0:00:21]} 31. Qg8+ {[%emt 0:00:31]} Kd7 {[%emt 0:00:10]} 32. Rxe7+ {[%emt 0:00:11]} Kxe7 {[%emt 0:00:11]} 33. Qg7+ {[%emt 0:00:23]} Ke8 {[%emt 0:01:14]} 34. Qxg6+ {[%emt 0:00:16]} Kd7 {[%emt 0:00:33]} 35. Qxg5 {[%emt 0:01:02]} Qd4 {[%emt 0:00:25]} 36. Qg7+ {[%emt 0:00:38]} Kc6 {[%emt 0:00:06]} 37. c3 {[%emt 0:00:05]} Qd3+ {[%emt 0:00:39]} 38. Ka1 {[%emt 0:00:54]} Qe3 {[%emt 0:00:16]} 39. Kb1 {[%emt 0:00:23]} Qd3+ {[%emt 0:00:04]} 40. Rc2 {[%emt 0:00:00]} Qd1+ {[%emt 0:00:00]} 41. Rc1 {[%emt 0:00:37]} Qe2 {[%emt 0:02:45]} 42. cxb4+ {[%emt 0:01:53]} Kb6 {[%emt 0:05:28]} 0-1